000 00721cam a2200229 a 4500
999 _c4209
_d4209
003 ALUPE UNIVERSITY COLLEGE
005 20220321072120.0
008 810815s1981 maua b 001 0 eng
020 _a0316372145
020 _a0316372153 (pbk.)
040 _cALUPE UNIVERSITY COLLEGE
050 0 0 _aQP102
_b.H66 1981
100 1 _aHonig, Carl R.
245 1 0 _aModern cardiovascular physiology /
_cCarl R. Honig.
250 _a1st ed.
260 _aBoston :
_bLittle, Brown,
_cc1981.
300 _axviii, 347 p. :
_bill. ;
_c24 cm.
504 _aIncludes bibliographical references and index.
650 0 _aCardiovascular system
_xPhysiology.
906 _a7
_bcbc
_corignew
_d2
_eopcn
_f19
_gy-gencatlg
942 _2lcc
_cBK